[Event "Polish Extraleague"]
[Site "Lubniewice POL"]
[Date "2003.09.01"]
[Round "3"]
[White "Jedynak,R"]
[Black "Szelag,M"]
[Result "0-1"]
[WhiteElo "2453"]
[BlackElo "2375"]

1.d4 Nf6 2.c4 g6 3.Nc3 Bg7 4.Nf3 d6 5.e4 O-O 6.Be2 e5 7.O-O Nc6 8.d5 Ne7
9.b4 a5 10.Ba3 b6 11.bxa5 Nh5 12.Re1 f5 13.Nd2 Nf6 14.Bd3 h5 15.Bb4 bxa5
16.Ba3 Bh6 17.c5 Ng4 18.Bf1 fxe4 19.Ndxe4 Nf5 20.h3 Bf4 21.hxg4 Qh4 22.g3 Nxg3
23.fxg3 Bxg3 24.Qd2 Rf2 25.Qxf2 Bxf2+ 26.Nxf2 Qg3+ 27.Bg2 Qxc3 28.cxd6 Qxa3
29.dxc7 hxg4 30.Ne4 Kg7 31.Rab1 Qd3 32.d6 g3 33.Rbd1 Qb5 34.Nxg3 Qb6+ 35.Kh2 Bb7
36.Rd2 Rh8+ 37.Bh3 Qb4 38.Rde2 Qg4  0-1

[Event "Polish Extraleague"]
[Site "Lubniewice POL"]
[Date "2003.09.03"]
[Round "5"]
[White "Matlak,M"]
[Black "Czerwonski,A"]
[Result "1/2-1/2"]
[WhiteElo "2501"]
[BlackElo "2373"]

1.d4 d6 2.Nf3 Nf6 3.c4 g6 4.Nc3 Bg7 5.e4 O-O 6.Be2 e5 7.O-O Nc6 8.dxe5 dxe5
9.Bg5 Qxd1 10.Rfxd1 Bg4 11.h3 Bxf3 12.Bxf3 Nd4 13.Nd5 Nxd5 14.cxd5 f6 15.Bd2 Rf7
16.Rac1 Bf8 17.Be3 Nxf3+ 18.gxf3 Rd8 19.Rd2 Bd6 20.Rdc2 b6 21.Rc4 a5 22.Rc6 Rfd7
23.a3 Kf7 24.Bd2 Ra8 25.Kg2 Ke7 26.Kg3 f5 27.Kg2 Ra7 28.Bc3 Kf8 29.Kf1 Rf7
30.Ke2 Ra8 31.Bd2 Ke8 32.Be3 Kd7 33.Kf1 Ra7 34.Kg2 Ra8 35.R1c2 Raf8 36.Re2 Re8
37.Bd2 Ref8 38.b4 axb4 39.Bxb4 fxe4 40.fxe4 Bxb4 41.axb4 Rf6 42.Rc3 Ra8 43.Rec2 Ra7
44.b5 Rf4 45.f3 Rf6 46.Kg3 Kd8 47.Kg4 Ra1 48.Kg3 Ra7 49.Rc1 Rf7 50.d6 cxd6
51.Rd1 Kd7 52.Rc6 Rf6 53.Rd3 Ra2 54.Rxb6 h5 55.h4 Rb2 56.Rc3 Ke6 57.Rb7 Rf7
58.Rxf7 Kxf7 59.Rc7+ Kf6 60.Rb7 Ke6 61.Rb8 Ke7 62.b6 Kf6 63.Rb7 Ke6 64.Kh3 Kf6
65.Rb8 Kf7 66.Kg3 Kf6 67.b7 Kg7 68.Kh3 Kh7 69.Rd8 Rxb7 70.Rxd6 Kg7 71.Re6 Rb5
72.Kg3 Kf7 73.Rd6 Rb3 74.Rc6 Ra3 75.Rc5 Kf6 76.Rb5 Ra2 77.Rb6+ Kf7 78.Rb3 Re2  1/2-1/2

[Event "LXXVII ch-ARG"]
[Site "Tres de Febrero ARG"]
[Date "2003.09.07"]
[Round "5"]
[White "Dellepiani,F"]
[Black "Della Morte,P"]
[Result "0-1"]
[WhiteElo "2136"]
[BlackElo "2318"]

1.d4 Nf6 2.c4 g6 3.Nc3 Bg7 4.e4 d6 5.Nf3 O-O 6.Be2 e5 7.O-O Nc6 8.d5 Ne7
9.Ne1 Ne8 10.Be3 f5 11.f3 f4 12.Bf2 g5 13.c5 h5 14.Rc1 Rf6 15.cxd6 Nxd6 16.Nd3 Rg6
17.Nc5 Kh8 18.Ne6 Bxe6 19.dxe6 Rxe6 20.Nb5 Nc6 21.Qb3 Nxb5 22.Qxe6 Ncd4 23.Qc4 c5
24.Bd1 b6 25.Qf7 Qe8 26.Qxe8+ Rxe8 27.a4 Nd6 28.a5 Rc8 29.axb6 axb6 30.Re1 b5
31.h4 gxh4 32.Bxh4 c4 33.Be7 Nb7 34.Kf2 Kg8 35.Rh1 Kf7 36.Ba3 Nc6 37.b4 Ra8
38.Rc3 Bf8 39.Rxh5 Kg6 40.Rh8 Bc5+ 41.bxc5 Rxh8 42.Rc2 Ra8 43.Rd2  0-1

[Event "LXXVII ch-ARG"]
[Site "Tres de Febrero ARG"]
[Date "2003.09.09"]
[Round "7"]
[White "Garcia Palermo,C"]
[Black "Mahia,G"]
[Result "0-1"]
[WhiteElo "2443"]
[BlackElo "2377"]

1.d4 Nf6 2.c4 g6 3.Nc3 Bg7 4.e4 O-O 5.Nf3 d6 6.Be2 e5 7.O-O Nc6 8.d5 Ne7
9.Nh4 Ne8 10.g3 Bh3 11.Re1 f5 12.Bf1 Bxf1 13.Rxf1 Nf6 14.f3 Qd7 15.Bg5 h6
16.Bxf6 Bxf6 17.Ng2 Rf7 18.Qa4 Qd8 19.Rad1 a6 20.a3 h5 21.h3 Qf8 22.b4 Qh6
23.c5 f4 24.cxd6 cxd6 25.Nb5 Nc8 26.Rc1 Nb6 27.Qa5 axb5 28.Qxb6 Qf8 29.Rc3 fxg3
30.Qxb5 Bg5 31.a4 Rc8 32.Qd3 Qe8 33.Ne1 Rxc3 34.Qxc3 Qxa4 35.Nc2 Qa7+ 36.Kg2 h4
37.Na3 Kg7 38.Nc2 Qb6 39.Qd3 Rc7 40.f4 Bxf4 41.Nd4 Qxd4 42.Qxd4 exd4 43.Rxf4 Rc2+  0-1

[Event "14th ch-NATO"]
[Site "Hoevelte DEN"]
[Date "2003.09.10"]
[Round "4"]
[White "Skindzier,S"]
[Black "Mueller,Fa"]
[Result "1-0"]
[WhiteElo "2207"]
[BlackElo "2207"]

1.d4 Nf6 2.Nf3 g6 3.c4 Bg7 4.Nc3 O-O 5.e4 d6 6.Be2 e5 7.O-O Nc6 8.d5 Ne7
9.Ne1 Nd7 10.Be3 f5 11.f3 Nf6 12.Nd3 f4 13.Bf2 g5 14.b4 h5 15.c5 g4 16.Kh1 g3
17.hxg3 fxg3 18.Bxg3 Ng6 19.Bh2 h4 20.f4 exf4 21.Bxf4 Qe7 22.Bg5 Qe8 23.Bf3 Nh7
24.Bd2 Ne5 25.Qe2 Qg6 26.Nf4 Qf7 27.Rac1 Nxf3 28.gxf3 Nf6 29.cxd6 cxd6 30.Nb5 Ne8
31.Rg1 Kh7 32.Qh2 h3 33.Rg3 Rh8 34.Rcg1 Kg8 35.Nd4 Rh7 36.Nde6 Bxe6 37.Nxe6 Qf6
38.Be3  1-0

[Event "GM"]
[Site "Ansfelden AUT"]
[Date "2003.09.12"]
[Round "1"]
[White "Knoll,H"]
[Black "Uhlmann,W"]
[Result "1-0"]
[WhiteElo "2361"]
[BlackElo "2451"]

1.d4 Nf6 2.Nf3 g6 3.c4 Bg7 4.Nc3 O-O 5.e4 d6 6.Be2 e5 7.O-O Nc6 8.d5 Ne7
9.b4 Nh5 10.Re1 f5 11.Ng5 Nf6 12.f3 Kh8 13.c5 h6 14.Ne6 Bxe6 15.dxe6 d5 16.exd5 Nfxd5
17.Nxd5 Nxd5 18.Qb3 c6 19.Bc4 a5 20.Bb2 a4 21.Qd1 Qc7 22.Bxd5 Rfd8 23.Bc4 Rxd1
24.Raxd1 Rd8 25.Be2 b5 26.cxb6 Qxb6+ 27.Kf1 Re8 28.Bc3 c5 29.bxc5 Qxc5 30.Ba1 Rxe6
31.Rc1 Qf8 32.Bb5 Qa8 33.Rc4 Qb7 34.Bxa4 e4 35.Bxg7+ Kxg7 36.fxe4 fxe4 37.Kg1 h5
38.Bb3 Qb6+ 39.Kh1 Qf2 40.Rcc1 Rc6 41.Rb1 Rf6 42.Bc4 e3 43.a4 Qc2 44.Bd5 Qxa4
45.Bf3 Qf4 46.Rb7+ Kh6 47.Re7 Ra6 48.Re4 Qg5 49.h3 Ra3 50.Kh2 Qc5 51.h4 Qc3
52.R1xe3 Qxe3 53.Rxe3 Rxe3 54.Bb7 Kg7 55.Bc8 Rc3 56.Bd7 Kf6 57.Bb5 Rb3 58.Bd7 Re3
59.Bc8 Ke5 60.Bd7 Kf4 61.Bc8 Re4 62.Bd7 Ke3 63.Kg3 Ke2 64.Bb5+ Ke1 65.Bd7 Kf1
66.Bc6 Rg4+ 67.Kh3 Kf2 68.Bd5 Rf4 69.Bc6 Rf6 70.Be4 Rd6 71.Bb7 Rd1 72.Kh2 Rd7
73.Bc6 Re7 74.Bd5 Re5 75.Bc6 Ke3 76.Bd7 Kf4 77.Bc8 Re7 78.Bh3 Rc7 79.Be6 Ke5
80.Ba2 Rc2 81.Bb1 Rc6 82.Kg3 Rb6 83.Ba2 Kf5 84.Bf7 Rd6 85.Be8 Rd8 86.Bf7 Rd3+
87.Kh2 Rc3 88.Be8 Rc4 89.Bd7+ Kf4 90.Kh3 Rc1 91.Kh2 Rc7 92.Be6 Re7 93.Bc8 Ke3
94.Kg3 Re4 95.Bd7 Rg4+ 96.Bxg4  1-0

[Event "TCh-CRO"]
[Site "Rabac CRO"]
[Date "2003.09.12"]
[Round "6"]
[White "Shariyazdanov,A"]
[Black "Cebalo,M"]
[Result "1/2-1/2"]
[WhiteElo "2565"]
[BlackElo "2510"]

1.d4 Nf6 2.c4 g6 3.Nc3 Bg7 4.e4 d6 5.Be2 O-O 6.Nf3 e5 7.O-O Nc6 8.d5 Ne7
9.b4 Nh5 10.Re1 f5 11.Ng5 Nf6 12.Bf3 c6 13.Ba3 cxd5 14.cxd5 h6 15.Ne6 Bxe6
16.dxe6 Rc8 17.Qb3 d5 18.Rad1 d4 19.Na4 fxe4 20.Rxe4 Nxe4 21.Bxe4 b6 22.Bxg6 Qd5
23.Qxd5 Nxd5 24.b5 Bf6 25.Bxf8  1/2-1/2

[Event "It"]
[Site "Poitou Charentes FRA"]
[Date "2003.09.13"]
[Round "8"]
[White "Inkiov,V"]
[Black "Gladyszev,O"]
[Result "1/2-1/2"]
[WhiteElo "2478"]
[BlackElo "2455"]

1.d4 Nf6 2.c4 g6 3.Nc3 Bg7 4.e4 d6 5.Nf3 O-O 6.Be2 e5 7.O-O Nc6 8.d5 Ne7
9.Ne1 Nd7 10.Nd3 f5 11.f3 f4 12.Bd2 g5 13.b4 h5 14.Rc1 Nf6 15.Nf2  1/2-1/2

[Event "TCh-CRO"]
[Site "Rabac CRO"]
[Date "2003.09.13"]
[Round "7"]
[White "Tratar,M"]
[Black "Martic,Z"]
[Result "1-0"]
[WhiteElo "2455"]
[BlackElo "2264"]

1.Nf3 Nf6 2.c4 g6 3.Nc3 Bg7 4.e4 d6 5.d4 O-O 6.Be2 e5 7.O-O Nc6 8.d5 Ne7
9.Nd2 a5 10.a3 Nd7 11.Rb1 f5 12.b4 b6 13.f3 f4 14.Na4 axb4 15.axb4 Nf6 16.c5 Bd7
17.Nc3 g5 18.Nc4 Nc8 19.c6 Be8 20.Bd2 Bg6 21.Bd3 h5 22.Qe2 g4 23.Ra1 Rb8
24.Ra2 Nh7 25.Nb5 Rf7 26.Rfa1 Bf8 27.Ra8 Rxa8 28.Rxa8 gxf3 29.gxf3 Rg7 30.Kh1 Ng5
31.Qf1 h4 32.Be1 Nxf3 33.Qxf3 Qg5 34.Qf1 Bh5 35.Nd2 f3 36.Rxc8 Qf4 37.Nxc7 Bf7
38.Qxf3  1-0

[Event "EYg18"]
[Site "Budva YUG"]
[Date "2003.09.16"]
[Round "4"]
[White "Kadziolka,B"]
[Black "Motoc,A"]
[Result "1/2-1/2"]
[WhiteElo "2255"]
[BlackElo "2387"]

1.d4 Nf6 2.c4 g6 3.Nc3 Bg7 4.e4 d6 5.Nf3 O-O 6.Be2 e5 7.O-O Nc6 8.dxe5 Nxe5
9.Bf4 Ned7 10.Nd4 Re8 11.f3 Nh5 12.Be3 Nc5 13.g4 Nf6 14.Qd2 Nfd7 15.Kh1 Ne5
16.Rg1 Ne6 17.Nf5 gxf5 18.gxf5 Kh8 19.fxe6 Bxe6 20.Nd5 c6 21.Rxg7 cxd5 22.Rag1 dxe4
23.Bd4 Qh4 24.f4 f6 25.fxe5 dxe5 26.Bf2 Qf4 27.Be3 Qh4 28.Qc3 Bf5 29.Rxb7 Rg8
30.Qe1 Rxg1+ 31.Qxg1 Rg8 32.Qf1 Bh3 33.Qf2 Qxf2 34.Bxf2 Rg2 35.Bf1 Rxf2 36.Bxh3 e3
37.Bg4 f5 38.Bh5 e2 39.Bxe2 Rxe2 40.Rxa7 Rxb2 41.Re7 e4 42.Kg1 Rxa2 43.Re5 Ra4
44.Rxf5 Rxc4 45.Kf2 Kg7 46.Ke3 Rc2 47.Kxe4 Rxh2 48.Kf3 Kg6 49.Ra5 Rb2 50.Kg3  1/2-1/2

[Event "Levy mem"]
[Site "Denver USA"]
[Date "2003.09.18"]
[Round "1"]
[White "Gurevich,D"]
[Black "Kiewra,K"]
[Result "1-0"]
[WhiteElo "2502"]
[BlackElo "2247"]

1.d4 Nf6 2.c4 g6 3.Nc3 Bg7 4.e4 d6 5.Nf3 O-O 6.Be2 e5 7.O-O Nc6 8.d5 Ne7
9.Ne1 Nd7 10.Be3 f5 11.f3 f4 12.Bf2 g5 13.Nb5 b6 14.b4 a6 15.Nc3 Rf6 16.Nd3 Qe8
17.Be1 Rh6 18.Nf2 Nf6 19.Ng4 Rg6 20.c5 h5 21.Nxf6+ Bxf6 22.cxd6 cxd6 23.b5 a5
24.Na4 Qd8 25.Bf2 Rb8 26.Rc1 g4 27.Rxc8 Nxc8 28.fxg4 h4 29.Qb3 Bg5 30.Rd1 Rg7
31.Nb2 Rh7 32.Rd3 Rbb7 33.Rc3 Kh8 34.h3 Rhc7 35.Rc6 Ne7 36.Nc4 Nxc6 37.dxc6 Rb8
38.Nxb6 Qe8 39.Qd5 Qg6 40.Nc4 Bd8 41.Nxd6 Re7 42.Nc4 Rc8 43.Nxe5 Qe8 44.Bd4 Kh7
45.Nf3 Qg6 46.Nxh4 Qf7 47.Bc4 Qxd5 48.Bxd5 Rb8 49.a4 Bb6 50.Bxb6 Rxb6 51.Nf5 Re8
52.Kf2  1-0

[Event "EYb18"]
[Site "Budva YUG"]
[Date "2003.09.20"]
[Round "7"]
[White "Woodward,T"]
[Black "Kalata,P"]
[Result "1-0"]
[WhiteElo "2285"]
[BlackElo "2255"]

1.d4 Nf6 2.c4 g6 3.Nc3 Bg7 4.e4 d6 5.Nf3 O-O 6.Be2 e5 7.O-O Nc6 8.d5 Ne7
9.Ne1 Nd7 10.Be3 f5 11.f3 f4 12.Bf2 g5 13.a4 Ng6 14.a5 Kh8 15.b4 Nf6 16.c5 h5
17.c6 bxc6 18.dxc6 g4 19.Kh1 g3 20.Bg1 gxh2 21.Bf2 h4 22.Kxh2 Nh5 23.Rg1 Ng3
24.Bf1 Qg5 25.Nc2 Ne7 26.Nd5 Nxd5 27.Qxd5 Rf6 28.Bc4 Bf8 29.Nd4 h3 30.gxh3 Rh6
31.Nf5 Be6 32.Qxe6 Rxe6 33.Bxe6 Qf6 34.Bd5 Nxf5 35.exf5 e4 36.Bxe4 Qb2 37.Raf1 Bg7
38.Rg2 Qe5 39.Rfg1 Bf6 40.Rg6 Kh7 41.R1g2 a6 42.R6g4 Rf8 43.Bh4 d5 44.Bc2 d4
45.Bxf6 Qxf6 46.Rg5 Qh6 47.f6+ Kh8 48.f7  1-0

[Event "Osen I"]
[Site "Alushta UKR"]
[Date "2003.09.25"]
[Round "13"]
[White "Shtyrenkov,V"]
[Black "Kanep,M"]
[Result "1/2-1/2"]
[WhiteElo "2514"]
[BlackElo "2470"]

1.d4 Nf6 2.c4 g6 3.Nc3 Bg7 4.e4 d6 5.Nf3 O-O 6.Be2 e5 7.O-O Nc6 8.d5 Ne7
9.b4 a5 10.Ba3 Nd7  1/2-1/2

[Event "2nd League TCh-SCG"]
[Site "Belgrade SCG"]
[Date "2003.09.28"]
[Round "2"]
[White "Damjanovic,D"]
[Black "Maric,Dr"]
[Result "0-1"]
[WhiteElo "2276"]
[BlackElo "2262"]

1.d4 Nf6 2.c4 g6 3.Nc3 Bg7 4.e4 O-O 5.Nf3 d6 6.Be2 e5 7.O-O Nc6 8.d5 Ne7
9.Nd2 a5 10.a3 Bd7 11.b3 c6 12.Bb2 Bh6 13.Rb1 Qb6 14.Kh1 Rfe8 15.Na4 Qc7
16.dxc6 bxc6 17.c5 d5 18.Nb6 Rad8 19.Bc3 dxe4 20.Bxa5 Be6 21.Qe1 Bf5 22.Ndc4 Qb8  0-1

[Event "ECC"]
[Site "Rethymnon GRE"]
[Date "2003.09.28"]
[Round "1"]
[White "Ebner,H"]
[Black "Relange,E"]
[Result "0-1"]
[WhiteElo "2256"]
[BlackElo "2513"]

1.d4 Nf6 2.c4 g6 3.Nc3 Bg7 4.e4 d6 5.Nf3 O-O 6.Be2 e5 7.O-O Nc6 8.Be3 Ng4
9.Bg5 f6 10.Bc1 f5 11.Bg5 Qe8 12.dxe5 dxe5 13.h3 Nf6 14.Nd5 Nxd5 15.cxd5 Nd4
16.Be3 c5 17.dxc6 Nxe2+ 18.Qxe2 Qxc6 19.exf5 gxf5 20.Rac1 Qa6 21.Qxa6 bxa6
22.Rc7 e4 23.Nd2 Bxb2 24.Nc4 Bg7 25.Rd1 Bf6 26.Bxa7 Be6 27.Bb6 Rac8 28.Rxc8 Rxc8
29.Ne3 Kf7 30.g3 Rc3 31.a4 Ra3 32.a5 Bc3 33.Rc1 Ke8 34.Kg2 Bxa5 35.Bd4 Bd8
36.Rb1 Rd3 37.Be5 a5 38.Rb8 a4 39.Ra8 a3 40.Nc2 Rd2 41.Ne3 a2 42.g4 fxg4
43.hxg4 Kf7 44.Kg3 Bf6 45.Kf4 Rxf2+ 46.Kxe4 Re2 47.Ra7+ Kg6 48.Bxf6 Kxf6
49.Kd3 Re1 50.Nc2 Rc1 51.Kd2 Rg1 52.Ra4 Bb3 53.Ra6+ Kg5 54.Ne1 Kxg4 55.Ra7 Kf5
56.Ke2 Kf6 57.Kf2 Rh1 58.Ra6+ Ke7 59.Ra7+ Kd6 60.Ra5 h5 61.Ra6+ Kc7 62.Ra5 h4
63.Rc5+ Kd6 64.Rc1 Rh2+ 65.Kf3 Rb2  0-1

[Event "ECC Women"]
[Site "Rethymnon GRE"]
[Date "2003.09.28"]
[Round "1"]
[White "Ubiennykh,E"]
[Black "Gaponenko,I"]
[Result "0-1"]
[WhiteElo "2314"]
[BlackElo "2399"]

1.d4 Nf6 2.c4 g6 3.Nc3 Bg7 4.e4 d6 5.Nf3 O-O 6.Be2 e5 7.O-O Nc6 8.d5 Ne7
9.b4 Nh5 10.Re1 f5 11.Ng5 Nf6 12.Bf3 Kh8 13.Ba3 Ne8 14.Ne6 Bxe6 15.dxe6 c6
16.b5 Qc7 17.Qb3 Rd8 18.Rad1 fxe4 19.Nxe4 Nf5 20.Ng5 Rc8 21.Nf7+ Kg8 22.Bg4 Nd4
23.Rxd4 exd4 24.Nxd6 Nxd6 25.e7 c5 26.exf8=Q+ Rxf8 27.Qg3 Qa5 28.Re2 Nf5
29.Bxf5 Rxf5 30.h3 Qd8 31.Re6 Qf8 32.Qd3 b6 33.Qe4 Qf7 34.Bc1 Rxf2 35.Re8+ Bf8
36.Bh6 Rf1+ 37.Kh2 Qc7+ 38.g3 Rf2+ 39.Kh1 Qd7 40.Kg1 Rf7 41.Bxf8 Rxf8 42.Re7 Qd6
43.Kg2 Qf6 44.Qd5+ Kh8 45.Qe5 Qxe5 46.Rxe5 Kg7 47.Rd5 Kf6 48.Kf3 Ke6+ 49.Ke2 Ke7
50.Re5+ Kf6 51.Rd5 Re8+ 52.Kf2 Re3 53.Rd7 Re7 54.Rd6+ Ke5 55.Rd5+ Ke4 56.Ke2 Rf7
57.Rd8 d3+ 58.Kd2 Rf2+ 59.Kc3 Re2 60.Kb3 Re1 61.Re8+ Kd4 62.Rd8+ Ke3  0-1

[Event "Osen II"]
[Site "Alushta UKR"]
[Date "2003.09.29"]
[Round "4"]
[White "Sumets,A"]
[Black "Muromtsev,A"]
[Result "1-0"]
[WhiteElo "2473"]
[BlackElo "2315"]

1.d4 Nf6 2.c4 g6 3.Nc3 Bg7 4.e4 d6 5.Nf3 O-O 6.Be2 e5 7.O-O Nc6 8.d5 Ne7
9.Ne1 Nd7 10.Be3 f5 11.f3 f4 12.Bf2 g5 13.Rc1 Nf6 14.c5 Ng6 15.cxd6 cxd6
16.Nb5 Rf7 17.Qc2 Ne8 18.Nxa7 Bd7 19.Qb3 h5 20.Qb6 Qb8 21.Rc4 g4 22.Kh1 g3
23.Bg1 gxh2 24.Bf2 h4 25.Rb4 Nf6 26.Nc6 Qf8 27.Qxb7 Re8 28.Nb8 Bc8 29.Qb6 Nh5
30.Bb5 Rb7 31.Qa5 Ree7 32.Nc6 Red7 33.Ba6 Rxb4 34.Nxb4 Bxa6 35.Qxa6 Ng3+
36.Kxh2 Nxf1+ 37.Qxf1 Qb8 38.Ned3 Qb5 39.b3 Rc7 40.a4 Qa5 41.Nc6 Qd2 42.a5 h3
43.gxh3 Bf6 44.a6 Nh4 45.Ne1 Rg7 46.a7 Qa2 47.Nb4 Qa1 48.Qe2 Kh7 49.Na6 Rxa7
50.Bxa7 Qxe1 51.Qxe1 Nxf3+ 52.Kg2 Nxe1+ 53.Kf1 Nc2 54.b4 Na3 55.Nc7 Bd8 56.Ne6 Be7
57.Ke2 Kg6 58.Bf2 Nb5 59.Kd3 Kf7 60.Kc4 Na3+ 61.Kb3 Nb5 62.Be1 f3 63.Kc4 Na3+
64.Kd3 Kg6 65.Bg3 Kf7 66.Bf2 Kg6 67.Be1 Kf7 68.Bd2 Kg6 69.Bc1 Nb5 70.Ke3 Bh4
71.Kxf3 Be1 72.Kg4 Bxb4 73.h4 Nd4  1-0

[Event "Tatry Open"]
[Site "Tatranske Zruby SVK"]
[Date "2003.09.30"]
[Round "5"]
[White "Likavsky,T"]
[Black "Klemanic,E"]
[Result "1/2-1/2"]
[WhiteElo "2470"]
[BlackElo "2256"]

1.d4 d6 2.Nf3 Nf6 3.c4 g6 4.Nc3 Bg7 5.e4 O-O 6.Be2 e5 7.O-O Nc6 8.d5 Ne7
9.b4 a5 10.Ba3 axb4 11.Bxb4 b6 12.a4 Ne8 13.Nb5 f5 14.a5 fxe4 15.Ng5 Nf5
16.Nxe4 bxa5 17.Rxa5 Rxa5 18.Bxa5 Nd4 19.Nxd4 exd4 20.Bd2 Bf5 21.Ng3 Bc8
22.Bc1 Qh4 23.Bb2 Be5 24.Bc1 Ng7 25.Qd2 Bf4 26.Qd3 Bf5 27.Qa3 Bxc1 28.Rxc1 Qf4
29.Rf1 Bc2 30.Bd3 Qd2 31.Be4 Bxe4 32.Nxe4 Qe2 33.f3 Nf5 34.Qc1 Rb8 35.Re1 Qd3
36.c5 dxc5 37.Nxc5 Qc3 38.Ne4 Qxc1 39.Rxc1 Rb2 40.Rxc7 d3 41.Rd7 d2  1/2-1/2

[Event "1st ch-Mediterranean w"]
[Site "Beruit LIB"]
[Date "2003.10.01"]
[Round "5"]
[White "Topel,Z"]
[Black "Srebrnic,A"]
[Result "1-0"]
[WhiteElo "2045"]
[BlackElo "2243"]

1.d4 d6 2.Nf3 Nf6 3.c4 g6 4.Nc3 Bg7 5.e4 O-O 6.Be2 e5 7.O-O Nc6 8.d5 Ne7
9.b4 Nh5 10.Re1 f5 11.Ng5 Nf6 12.f3 Nh5 13.Ne6 Bxe6 14.dxe6 Nf4 15.Bxf4 exf4
16.Rc1 fxe4 17.Nxe4 Nf5 18.c5 d5 19.Nf2 c6 20.Qd2 Bd4 21.Rcd1 Qh4 22.Bd3 Be3
23.Qb2 Rae8 24.Bxf5 Rxf5 25.Re2 Rxe6 26.Kh1 Rf8 27.Ng4 Rfe8 28.Rde1 Qe7 29.Nh6+  1-0

[Event "ECC"]
[Site "Rethymnon GRE"]
[Date "2003.10.02"]
[Round "5"]
[White "Kelly,B"]
[Black "Grivas,E"]
[Result "1/2-1/2"]
[WhiteElo "2487"]
[BlackElo "2492"]

1.d4 Nf6 2.c4 g6 3.Nc3 Bg7 4.e4 d6 5.Be2 O-O 6.Nf3 e5 7.O-O Nc6 8.d5 Ne7
9.Ne1 c5 10.Rb1 b6  1/2-1/2

[Event "Tatry Open"]
[Site "Tatranske Zruby SVK"]
[Date "2003.10.02"]
[Round "7"]
[White "Kolovratnik,M"]
[Black "Macak,S"]
[Result "1/2-1/2"]
[WhiteElo "2124"]
[BlackElo "2265"]

1.d4 Nf6 2.c4 g6 3.Nc3 Bg7 4.e4 d6 5.Nf3 O-O 6.Be2 e5 7.O-O Nc6 8.d5 Ne7
9.b4 a5 10.bxa5 Rxa5 11.Nd2 b6 12.Nb3 Ra8 13.a4 Ne8 14.Bd2 f5 15.a5 bxa5
16.Nxa5 fxe4 17.Nxe4 Nf5 18.Bg5 Qd7 19.Nc6 Rxa1 20.Qxa1 h6 21.Bd2 Qf7 22.Bd3 Bd7
23.Nb8 Bc8 24.Nc6 Nh4 25.f3 g5 26.c5 Kh8 27.Bc4 Ng6 28.Bb4 dxc5 29.Bxc5 Rg8
30.Rc1 Qf4 31.Qc3 Bf8 32.Be3 Qf5 33.Ng3 Qd7 34.Nxe5 Nxe5 35.Bd4 Bg7 36.Bxe5 Bxe5
37.Qxe5+ Qg7 38.Qxg7+ Rxg7 39.Bd3 Re7 40.Rc6 Nd6 41.Ne4 Bb7 42.Rc5 Kg7 43.Kf2 Kf7
44.Nxd6+ cxd6 45.Ra5 Kf6 46.Be4 Rd7 47.Rb5 Ke5 48.Kg3 Kf6 49.h4 Rg7 50.hxg5+ hxg5  1/2-1/2

[Event "ECC"]
[Site "Rethymnon GRE"]
[Date "2003.10.03"]
[Round "6"]
[White "Portisch,L"]
[Black "Acs,P"]
[Result "1/2-1/2"]
[WhiteElo "2586"]
[BlackElo "2606"]

1.d4 Nf6 2.c4 g6 3.Nc3 Bg7 4.e4 d6 5.Nf3 O-O 6.Be2 e5 7.O-O Nc6 8.d5 Ne7
9.b4 Nh5 10.Re1 f5 11.Ng5 Nf6 12.Bf3 c6 13.Ba3 cxd5 14.exd5 e4 15.Be2 Nfxd5
16.Nxd5 Bxa1 17.Nxe7+ Qxe7 18.Qd5+ Kg7 19.Rxa1 Qxg5 20.Bb2+ Kh6 21.Qxd6 Rf7
22.Rd1 f4 23.Rd5 Bf5 24.Be5 Re7  1/2-1/2

[Event "ECC"]
[Site "Rethymnon GRE"]
[Date "2003.10.04"]
[Round "7"]
[White "Relange,E"]
[Black "Kotz,H"]
[Result "1/2-1/2"]
[WhiteElo "2513"]
[BlackElo "2354"]

1.d4 Nf6 2.c4 g6 3.Nf3 Bg7 4.Nc3 O-O 5.e4 d6 6.Be2 e5 7.O-O Nc6 8.d5 Ne7
9.b4 a5 10.Ba3 axb4 11.Bxb4 b6 12.a4 Re8 13.Qd3 Nh5 14.g3 f5 15.Nd2 Nf6 16.Nb5 Bb7
17.Bf3 Nd7 18.Qb1 Nc5 19.Nc3 Bh6 20.Rd1 Ba6 21.Nb5 Nd7 22.Qc2  1/2-1/2

[Event "Open"]
[Site "Winterthur SUI"]
[Date "2003.10.04"]
[Round "2"]
[White "Schneider,Marc"]
[Black "Isler,P"]
[Result "1-0"]
[WhiteElo "2129"]
[BlackElo "2062"]

1.d4 Nf6 2.c4 g6 3.Nc3 Bg7 4.e4 d6 5.Nf3 O-O 6.Be2 Nc6 7.O-O e5 8.d5 Ne7
9.Nd2 Nd7 10.Rb1 f5 11.f3 Nf6 12.b4 f4 13.c5 g5 14.cxd6 cxd6 15.Nc4 Ng6 16.a4 h5
17.b5 Rf7 18.Ba3 Bf8 19.g4 hxg4 20.fxg4 Rh7 21.Kg2 Rh4 22.h3 f3+ 23.Rxf3 Nf4+
24.Kf1 Bxg4 25.Rxf4 Bxh3+ 26.Kf2 exf4 27.e5 dxe5 28.d6 e4 29.Nd5 Be6 30.Nc7 e3+
31.Kg1 Bf5 32.Ne5 Bg7 33.Bc4+ Kh7 34.Ne6 Bxe6 35.Qd3+  1-0

[Event "1st ch-Mediterranean w"]
[Site "Beruit LIB"]
[Date "2003.10.05"]
[Round "9"]
[White "Srebrnic,A"]
[Black "Mouradian,K"]
[Result "1-0"]
[WhiteElo "2243"]
[BlackElo "2080"]

1.Nf3 g6 2.d4 Nf6 3.c4 Bg7 4.Nc3 d6 5.e4 O-O 6.Be2 e5 7.O-O Nc6 8.d5 Ne7
9.Ne1 Nd7 10.Be3 f5 11.f3 f4 12.Bf2 g5 13.a4 Rf6 14.a5 a6 15.Nd3 Rh6 16.Be1 Qe8
17.Nf2 Kh8 18.b4 Ng8 19.Na4 Bf8 20.Rc1 Ndf6 21.c5 Bd7 22.Nb2 Rg6 23.cxd6 Bxd6
24.Nc4 h5 25.h3 Rc8 26.Bc3 Nh6 27.Nd3 Nf7 28.Nc5 Qe7 29.Nxd7 Qxd7 30.Kf2 g4
31.hxg4 hxg4 32.Rh1+ Kg7 33.Qb3 Rg8 34.Nxd6 cxd6 35.Bd2 Ng5 36.Bf1 Rh6 37.Rxh6 Kxh6
38.Qc4 gxf3 39.gxf3 Nh3+ 40.Ke1 Ng1 41.Rc3 Qg7 42.Kd1 Nh5 43.Be1 Ng3 44.Bf2 Nxf1
45.Qxf1 Qg2 46.Qxg2 Rxg2 47.Bb6 Rg3 48.Bc7 Nxf3 49.Bxd6 Rg1+ 50.Ke2 Nd4+
51.Kf2 Rb1 52.Bxe5 Rb2+  1-0

[Event "zt 2.3"]
[Site "Guayaquil ECU"]
[Date "2003.10.07"]
[Round "3"]
[White "Ramirez,Al"]
[Black "Matamoros Franco,C"]
[Result "1-0"]
[WhiteElo "2483"]
[BlackElo "2484"]

1.d4 Nf6 2.Nf3 g6 3.c4 Bg7 4.Nc3 O-O 5.e4 d6 6.Be2 e5 7.O-O Nc6 8.d5 Ne7
9.b4 Nh5 10.Re1 f5 11.Ng5 Nf6 12.f3 Kh8 13.Kh1 Nh5 14.Bf1 f4 15.Ne6 Bxe6
16.dxe6 Bf6 17.Qd2 Ng7 18.Ba3 Nxe6 19.Red1 Nc6 20.c5 dxc5 21.Qb2 Qc8 22.bxc5 Ned4
23.Bc4 g5 24.Nd5 Bg7 25.Qf2 Re8 26.g3 fxg3 27.Qxg3 Nc2 28.Bb2 Nxa1 29.Rxa1 Qd8
30.Rg1 Nd4 31.Bc1 Ne6 32.Ne3 Nf4 33.Nf5 Rf8 34.h4 Rxf5 35.exf5 Qf6  1-0

[Event "YM"]
[Site "Zug SUI"]
[Date "2003.10.08"]
[Round "2"]
[White "Rau,H"]
[Black "Szelag,M"]
[Result "1/2-1/2"]
[WhiteElo "2372"]
[BlackElo "2390"]

1.d4 Nf6 2.c4 g6 3.Nc3 Bg7 4.e4 d6 5.Nf3 O-O 6.Be2 e5 7.O-O Nc6 8.d5 Ne7
9.b4 Nh5 10.Re1 f5 11.Ng5 Nf6 12.Bf3 c6 13.Be3 cxd5 14.cxd5 h6 15.Ne6 Bxe6
16.dxe6 fxe4 17.Nxe4 Nxe4 18.Bxe4 d5 19.Bc5 dxe4 20.Qxd8 Rfxd8 21.Bxe7 Re8
22.Bh4 Rac8 23.Rxe4 Rxe6 24.h3 Rd6 25.Rae1 Rd4 26.a3 Rxe4 27.Rxe4 Rc1+ 28.Kh2 b5
29.Bg3 Rc4 30.Re3 e4 31.Bb8 a6 32.Kg3 Bb2 33.f3 Bc1 34.Rb3 e3 35.Ba7 e2 36.Kf2 Rc2
37.Rd3 Bf4 38.Bb8 Bg5 39.f4 Bf6 40.Be5 Kf7 41.Bxf6 Kxf6 42.g4 Ke6 43.Re3+ Kd5
44.h4 Ra2 45.g5 h5 46.Re5+ Kd6 47.Rxe2 Rxa3 48.Re8 Ra2+ 49.Kf3 Ra3+ 50.Ke2 Ra2+
51.Ke3 Ra3+ 52.Ke2 Ra2+ 53.Kd3 Ra3+ 54.Kd2 Kd5 55.Rg8 Rf3 56.Rxg6 Rxf4 57.Rxa6 Rxh4
58.Rh6 Kc4 59.g6 Rh2+ 60.Kc1 Kc3 61.Kb1 Rh4 62.g7 Rxb4+ 63.Ka1 Rg4 64.Rxh5 b4
65.Rh3+ Kc2 66.Rh2+ Kb3 67.Rh3+ Ka4 68.Kb2 Rg2+ 69.Kb1 Rxg7 70.Kb2 Rg2+ 71.Kb1 b3
72.Rh8  1/2-1/2

[Event "ch-Africa"]
[Site "Abuja NGR"]
[Date "2003.10.10"]
[Round "1"]
[White "Aderito,P"]
[Black "Shabash,A"]
[Result "0-1"]
[WhiteElo "2285"]
[BlackElo "2161"]

1.Nf3 Nf6 2.c4 g6 3.Nc3 Bg7 4.e4 d6 5.d4 O-O 6.Be2 e5 7.O-O Nc6 8.d5 Ne7
9.b4 a5 10.Ba3 Nd7 11.bxa5 Rxa5 12.Bb4 Ra8 13.a4 b6 14.a5 bxa5 15.Bxa5 Ba6
16.Ra3 Nc8 17.Qa1 Bb7 18.Rb1 Ncb6 19.Nd2 f5 20.Nb5 Bh6 21.Nb3 fxe4 22.Be1 e3
23.f3 Rxa3 24.Qxa3 e4 25.N3d4 exf3 26.Nxf3 Nc5 27.Qa5 Ba6 28.Bb4 Bxb5 29.Qxb5 Ne4
30.Qc6 Nd2 31.Rd1 Nxf3+ 32.gxf3 Bf4 33.Be1 Qg5+ 34.Kh1 Qe5 35.c5 Qb2 36.Qb5 Qxb5
37.Bxb5 dxc5 38.Kg2 c6 39.Bxc6 h5 40.h4 Kg7 41.Bg3 Kf6 42.Rd3 Nxd5 43.Be8 Bxg3
44.Kxg3 Ke5 45.Bf7 Nf6 46.Bb3 Kf5 47.Kg2 Ne4 48.f4 Kxf4 49.Bf7 Ng3  0-1

[Event "ch-Africa"]
[Site "Abuja NGR"]
[Date "2003.10.10"]
[Round "1"]
[White "Alberto,M ANG"]
[Black "Henni,M"]
[Result "0-1"]
[WhiteElo "2110"]
[BlackElo "2273"]

1.Nf3 Nf6 2.c4 g6 3.Nc3 Bg7 4.e4 d6 5.d4 O-O 6.Be2 e5 7.O-O Nc6 8.d5 Ne7
9.Ne1 Ne8 10.Nd3 f5 11.Bd2 Nf6 12.f3 f4 13.b4 h5 14.a4 g5 15.Nf2 Rf7 16.c5 Bf8
17.h3 Ng6 18.c6 bxc6 19.Bc4 c5 20.bxc5 Rg7 21.Be1 Nh8 22.Ra3 Nf7 23.c6 Nh6
24.Be2 g4 25.fxg4 hxg4 26.hxg4 Nhxg4 27.Nxg4 Nxg4 28.Qd3 Ne3 29.Rf2 Qg5 30.Bf3 Qh6
31.Re2 Rh7 32.Rxe3 fxe3 33.Kf1 Qf4 34.Ke2 Rh1 35.Nd1 Rb8 36.Nxe3 Rb2+ 37.Bd2 Qh4
38.Nf1 Rxf1 39.Kxf1 Bh6 40.g3 Qxg3 41.Bg2 Qxd3+ 42.Rxd3 Bxd2 43.Rg3+ Kf8
44.Kg1 Rb1+ 45.Kh2  0-1

[Event "YM"]
[Site "Zug SUI"]
[Date "2003.10.10"]
[Round "4"]
[White "Berkvens,J"]
[Black "Szelag,M"]
[Result "1/2-1/2"]
[WhiteElo "2450"]
[BlackElo "2390"]

1.d4 Nf6 2.c4 g6 3.Nc3 Bg7 4.e4 d6 5.Nf3 O-O 6.Be2 e5 7.O-O Nc6 8.d5 Ne7
9.Ne1 Nd7 10.Be3 f5 11.f3 f4 12.Bf2 g5 13.Rc1 Ng6 14.c5 Nxc5 15.b4 Na6 16.Nd3 Rf7
17.Nb5 Bd7 18.a4 Qb8 19.Qb3 c6 20.Nc3 Nc7 21.Nb2 cxd5 22.Nxd5 Be6 23.Bc4 Nxd5
24.Bxd5 Bxd5 25.Qxd5 Bf8 26.Nc4 Kg7 27.Rfd1 Rf6 28.Na5 Rf7 29.Qe6 Rf6 30.Qg4 h6
31.h4 gxh4 32.Bxh4 Rf7 33.Bf2 Qe8 34.Nc4 Rd8 35.b5 a6 36.Bb6 Rdd7 37.Rd5 axb5
38.axb5 Kh7 39.Rcd1 Rg7 40.Qf5 Rdf7 41.Qh5 Rf6 42.Qh3 Be7 43.Ra1 Qg8 44.Bf2 Nf8
45.Ra8 Rfg6 46.g4 fxg3 47.Be3 g2 48.Rb8 Qf7 49.Qf5 Qxf5 50.exf5 Rg3 51.Rd2 Rxf3
52.Rxg2 d5 53.Rxb7 dxc4 54.Rxg7+ Kxg7 55.Rxe7+ Kf6 56.Bc5 c3 57.Rc7 Nd7 58.Rxd7 c2
59.Be7+ Kxf5 60.Rc7 Rb3 61.Rxc2 Rxb5  1/2-1/2